000
00254nam a2200097Ia 4500
005
20251222114401.0
008
251222s1900||||xx |||||||||||||| ||spa||
082
_a
DVD0060/D96/1953
245
0
_a
Le retour de Don Camilo 2:Retorno de Don Camilo 2
942
_c
DVD
999
_c
1658
_d
1658